000 00725nam a22002417a 4500
003 UA-OsUOA
001 91464
007 ta
008 20121128b un ||||| |||| 00| 0 ukr d
100 _aСмолич Ю. К.
090 _a821.161.2
_bС51
942 _cBK
040 _aUA-OsUOA
_bukr
_cUA-OsUOA
_dUA-OsUOA
245 _aЯ вибираю літературу
_bз циклу розповідей про неспокій
300 _a314 с.
955 _a3
041 _aukr
080 _a821.161.2
260 _aК.
_bРадянський письменник
_c1970
246 3 1 _aКнига про себе
_n
650 7 _a82 Література. Літературознавство
_2UDC
999 _c377724
_d377724